000 00702 a2200205 4500
001 37892
005 20260407155645.0
008 260407a1969 arg spa d
003 AR-UNSa-BCEJYS
040 _aAR-UNSa-BCEJYS
_bspa
_cAR-UNSa-BCEJYS
080 _a512.64
_xAlgebra lineal y multilineal
245 1 0 _aIntroducción al álgebra lineal
264 1 _aMéxico :
_bCECSA (Compañia Editorial Continental)
_c1969
300 _a247 p.
_c23 cm.
505 _a1. Espacios vectoriales y transformaciones lineales - 2. Ecuaciones lineales y detrminantes - 3. Raices características
942 _cBK
590 _aniveau_biblio:m niveau_hierar:0
100 1 _aMarcus, Marvin
700 1 _aMinc, Henryk
999 _c2833
_d2833